| 000 | 00659nam a2200157 a 4500 | ||
|---|---|---|---|
| 005 | 20141222144327.0 | ||
| 008 | 141222b xxu||||| |||| 00| 0 spa d | ||
| 040 | _cCO-BoIH | ||
| 041 | _aspa | ||
| 090 |
_aIAVH _b00495 |
||
| 245 |
_aDiagnóstico del estado del conocimiento, conservación y uso de la biodiversidad de la Cuenca del Orinoco Colombia _bversión preliminar |
||
| 260 |
_aBogotá _bUnillanos _bUniversidad Javeriana _bUnitropico _bCorporinoquia _bCormacarena _bCDA _bFundación Umacha _bFundación Horizonte Verde _bUAESPNN _bWWF-Colombia _bGTZ _bInstituto Alexander von Humboldt _c2004 |
||
| 300 | _a350 p. | ||
| 942 |
_cINFORME _02 _2z |
||
| 945 | _d2006-01-03 | ||
| 999 |
_c5058 _d5058 |
||